Chemistry and biochemistry of plant pigments. V 1 (Record no. 30148)

MARC details
000 -LEADER
fixed length control field 00690nam a2200277Ia 4500
082 ## - DEWEY DECIMAL CLASSIFICATION NUMBER
Classification number 577.1:581.175.11
Item number GOO.1;1
245 #0 - TITLE STATEMENT
Title Chemistry and biochemistry of plant pigments. V 1
250 ## - EDITION STATEMENT
Edition statement Ed.2
260 ## - PUBLICATION, DISTRIBUTION, ETC. (IMPRINT)
Place of publication New York
Name of publisher Academic
Year of publication 1976
650 ## - SUBJECT ADDED ENTRY--TOPICAL TERM
Topical Term Betalain
650 ## - SUBJECT ADDED ENTRY--TOPICAL TERM
Topical Term Biliprotein
650 ## - SUBJECT ADDED ENTRY--TOPICAL TERM
Topical Term Biosynthesis
650 ## - SUBJECT ADDED ENTRY--TOPICAL TERM
Topical Term Carotenoid
650 ## - SUBJECT ADDED ENTRY--TOPICAL TERM
Topical Term Chlorophyll
650 ## - SUBJECT ADDED ENTRY--TOPICAL TERM
Topical Term Flavonoid
650 ## - SUBJECT ADDED ENTRY--TOPICAL TERM
Topical Term Metabolism
650 ## - SUBJECT ADDED ENTRY--TOPICAL TERM
Topical Term Photosynthesis
650 ## - SUBJECT ADDED ENTRY--TOPICAL TERM
Topical Term Phycobilims
650 ## - SUBJECT ADDED ENTRY--TOPICAL TERM
Topical Term Phytochrome
650 ## - SUBJECT ADDED ENTRY--TOPICAL TERM
Topical Term Plant pigment
650 ## - SUBJECT ADDED ENTRY--TOPICAL TERM
Topical Term Quinone
650 ## - SUBJECT ADDED ENTRY--TOPICAL TERM
Topical Term Senescent tissue
700 ## - ADDED ENTRY--PERSONAL NAME
Personal name GOODWIN, T W
942 ## - ADDED ENTRY ELEMENTS (KOHA)
Koha item type Books
Holdings
Withdrawn status Lost status Damaged status Not for loan Home library Current library Date acquired Full call number Accession Number Koha item type
        RRII Library RRII Library 16/12/2021 577.1:581.175.11 GOO.1;1 10724 Books